000 00376nab a22001097u 4500
008 130520b2006 xxu||||| |||| 00| 0 ger d
041 _ager
100 1 _aOvermeyer, Heyko
_959357
245 0 0 _aFriedensethik aus orthodoxer Sicht: Das Beispiel des russischen Orthodoxie
_cHeyko Overmeyer
773 0 _tUna Sancta
_gV.61, nº2,2006,págs. 120-128
_x0342-1465
_wRev485
942 _cAR
999 _c327979
_d327979